00301nam a2200109Ia 4500008004100000082002000041245003100061260003600092650001600128650002600144700002100170220204s9999 xx 000 0 und d a631/635bADV.67 0aAdvances in agronomy. V 67 aSan DiegobAcademic Pressc1999 aAllelopathy aPrecision agriculture aSparks, Donald L